Vytie

Bibliographic Details
Main Author: Ginsberg, Allen, 1926-1997 (Author)
Other Authors: Buzássy, Ján, 1935- (Translator), Bothová-Hegedüsová, Zuzana (Translator)
Format: Book
Language:Slovak
English
PhysicalDescription:111 s. fotogr. 17 cm
Published: Bratislava Slovenský spisovateľ 2005
ISBN:8022011991
Edition:[1. vyd.]
Subjects:

MARC

LEADER 00000nam a2200000 a 4500
001 vtls008412894
003 SK-MaSNL
005 20260301075731.0
008 240318s2005 xo o g 000 0aslo
015 |a SNBA2006/01-00179 
020 |a 8022011991  |q (viaz.) 
035 |a 272CB323-CFDA-4FAD-B43A-9CE42669983C 
035 |a urn:nbn:sk:snk-amje32 
035 |a urn:nbn:sk:snk-am000y4d 
040 |a SNK  |b slo  |c SNK  |e AACR2 
041 1 |a slo  |h eng 
044 |a xo  |c SK 
072 7 |a 929  |x Biografie  |2 konspekt 
080 |a 316.354.4  |2 1997 
080 |a 82.02(73)"195/196"  |2 1997 
080 |a (092)  |2 1997 
080 |a 929  |2 1997 
100 1 |a Ginsberg, Allen,  |d 1926-1997  |4 aut  |9 137182 
240 1 0 |a Howl  |l Slovensky 
245 1 0 |a Vytie  |c Allen Ginsberg; [z anglických originálov prebásnil Ján Buzássy v jazykovej spolupráci so Zuzanou Hegedüsovou] 
250 |a [1. vyd.] 
260 |a Bratislava  |b Slovenský spisovateľ  |c 2005 
300 |a 111 s.  |b fotogr.  |c 17 cm 
500 |a Preložené z viacerých originálov. Fotogr. na front. a predsádkach 
504 |a Kalendárium 
650 0 7 |a hippies  |2 SNKPH  |9 4900 
650 0 7 |a beatnici  |2 SNKPH  |9 82208 
655 7 |a autobiografie  |2 SNKPH  |9 70280 
655 7 |a poézia v próze  |2 SNKPH  |9 285094 
700 1 |a Buzássy, Ján,  |d 1935-  |4 trl  |9 109313 
700 1 |a Bothová-Hegedüsová, Zuzana  |4 trl  |9 223554 
919 |a 80-220-1199-1 
968 |b ENG  |d 821 
999 |c 651139  |d 653069 
952 |a SNK  |b SNK  |y PREZ  |7 0  |p 17A0491281  |o snkSD 75255  |i snk2005/20535  |8 0  |0 0  |1 0  |4 0  |d 2005-12-01  |l 0  |r 2025-11-24 00:00:00  |w 2026-02-23 
952 |a SNK  |b SNK  |y PREZ  |7 0  |p 17A0491280  |o snkSD 75255 D1  |i snk2005/20536  |8 0  |0 0  |1 0  |4 0  |d 2005-12-01  |l 0  |r 2017-06-30 00:00:00  |w 2026-02-23